| 000 | 00669nam a2200241 a 4500 | ||
|---|---|---|---|
| 001 | 67609 | ||
| 003 | BD-RjUL | ||
| 005 | 20211209081656.0 | ||
| 008 | 170327s2005 ii a|||| |||| 001 0 eng d | ||
| 020 | _a8170353696 | ||
| 035 | _a(BD-RjUL) 67740 | ||
| 040 |
_aBD-RjUL _beng _cBD-RjUL _dBD-RjUL |
||
| 041 | _aeng | ||
| 082 |
_223 _a581.7 _bSIE 2005 |
||
| 100 |
_aSingh, M.P _9200320 |
||
| 245 |
_aEssentials of Plant Taxonomy & Ecology / _cM.P. Singh & S.G Abbas |
||
| 260 |
_aDelhi : _bDaya Pub., _cc2005. |
||
| 300 |
_a454 p. : _bill. ; _c25 cm. |
||
| 500 | _aIncludes Index. | ||
| 650 |
_aPlants Ecology _9203658 |
||
| 700 |
_aAbbas, S.G _9200321 |
||
| 942 |
_2ddc _cBK |
||
| 999 |
_c67609 _d67609 |
||